000 00242nam a2200097Ia 4500
001 1196878
005 20250827021815.0
008 250824s9999 xx 000 0 und d
245 0 _aKIRIK DENİZ KABUKLARI
_cSELİM
260 _bEVEREST YAYINLARI
999 _c1196878
_d1196878